00655nam a2200229 a 4500001001300000003000900013005001700022008004100039020001000080082001700090100001600107245004200123260003200165300000900197500003500206505002000241700001600261902000800277942000700285952011800292999001500410nice12345678IN_TiNIC20260116013139.0050524s1975 lona grp 000 0 eng  ac24000a297.4bSHA10 aShah, Amina aTale of Four Dervishes of Amir Khusru aLondonbOctagon Pressc1975 a144p aincludes index and biblioraphy2 aGlossary, Index1 aShah, Amina bSRS cBK 001040708StackRoom-aHMIbHMId2008-03-07g240.00l0o297.4 SHA10p017370r2008-03-07v240.00w2005-05-24yBK c9861d9861